| 000 | 01304cam a2200157 a 4500 | ||
|---|---|---|---|
| 999 |
_c3140 _d3140 |
||
| 020 | _a0618203397 | ||
| 050 | 0 | 0 |
_aHD31 _b.G7625 |
| 100 | 1 | _aGriffin, Ricky W. | |
| 245 | 1 | 0 |
_aFundamentals of management : _bcore concepts and applications / _cRicky W. Griffin. |
| 250 | _a3rd ed. | ||
| 260 |
_aBoston : _bHoughton Mifflin, _cc2003. |
||
| 300 |
_axvii, 496 p. : _bill. (some col.) ; _c25 cm. |
||
| 505 | _aPart 1. An introduction to management. Chapter 1. Understanding of manager's job ; Chapter 2. The environment of organizations and managers -- Part 2. Planning. Chapter 3. Planning and strategic management ; Chapter 4. Managing decision making ; Chapter 5. Entrepreneurship and new venture management -- Part 3. Organizing. Chapter 6. Organization structure and design ; Chapter 7. Organization change and innovation ; Chapter 8. Managing human resources -- Part 4. Leading. Chapter 9. Managing individual behavior ; Chapter 10. Motivating employee performance ; Chapter 11. Leadership and influence processes ; Chapter 12. Communication in organizations ; Chapter 13. Managing groups and teams -- Part 5. Controlling. Chapter 14. Managing the control process ; Chapter 15. Managing operations, quality, and productivity/ | ||
| 650 | 0 | _aManagement. | |
| 942 | _cBK | ||